[Event "Staufer op 33rd"]
[Site "Schwaebisch Gmuend"]
[Date "2023.01.02"]
[Round "1"]
[White "Gschnitzer, Adrian"]
[Black "Stock, Joerg"]
[Result "1-0"]
[WhiteElo "2437"]
[BlackElo "2165"]
[PlyCount "65"]
[EventDate "2023.01.02"]
[EventType "swiss"]
[EventRounds "9"]
[EventCountry "GER"]
[SourceTitle "CBM 212 Extra"]
[Source "ChessBase"]
[SourceDate "2023.03.31"]
[SourceVersion "1"]
[SourceVersionDate "2023.03.31"]
[SourceQuality "1"]

1. e4 c6 2. d4 d5 3. e5 c5 4. dxc5 e6 5. a3 Nc6 6. Nf3 Bxc5 7. b4 Bb6 8. Bb2 Nge7 9. Bd3 Ng6 10. g3 0-0 11. 0-0 d4 12. Qe2 f6 13. Bxg6 hxg6 14. Nbd2 Qd5 15. c4 dxc3 16. Bxc3 fxe5 17. Ng5 Bd4 18. Rac1 Rf5 19. Nde4 Bxc3 20. Rxc3 Nd4 21. Qe3 Bd7 22. g4 Rf4 23. f3 Bb5 24. Rf2 b6 25. Kg2 Raf8 26. h3 Bc6 27. Qe1 Bb7 28. Rf1 Nf5 29. gxf5 exf5 30. Ng3 e4 31. Kh2 Qd8 32. Ne6 Qf6 33. Nxf4 1-0

[Event "Staufer op 32nd"]
[Site "Schwaebisch Gmuend"]
[Date "2020.01.05"]
[Round "7"]
[White "Stock, Joerg"]
[Black "Hess, Max"]
[Result "0-1"]
[WhiteElo "2214"]
[BlackElo "2388"]
[PlyCount "60"]
[EventDate "2020.01.02"]
[EventType "swiss"]
[EventRounds "9"]
[EventCountry "GER"]
[SourceTitle "CBM 194 Extra"]
[Source "ChessBase"]
[SourceDate "2020.03.31"]
[SourceVersion "1"]
[SourceVersionDate "2020.03.31"]
[SourceQuality "1"]

1. e4 c5 2. Nf3 e6 3. d4 cxd4 4. Nxd4 Nc6 5. Nc3 Qc7 6. Be3 a6 7. Qf3 d6 8. 0-0-0 Bd7 9. Kb1 b5 10. a3 Rb8 11. Nxc6 Bxc6 12. Bd3 Nf6 13. g4 Qb7 14. g5 Nd7 15. Qe2 Nc5 16. Nd5 Nxd3 17. Rxd3 exd5 18. exd5 Bxd5 19. Bd4+ Be6 20. Re1 Be7 21. Bxg7 Rg8 22. Bf6 Bxf6 23. gxf6 Kd7 24. Red1 Rbd8 25. Rc3 Rc8 26. Rcd3 Rc6 27. Qe4 Qb6 28. Qxh7 Qxf2 29. Ka1 Rg2 30. Rc1 Qxc2 0-1

[Event "Oberliga Nord W 1819"]
[Site "Germany"]
[Date "2019.02.24"]
[Round "7.4"]
[White "Stock, Joerg"]
[Black "Mossakowski, Florian"]
[Result "1/2-1/2"]
[WhiteElo "2192"]
[BlackElo "2291"]
[PlyCount "183"]
[EventDate "2018.10.21"]
[EventType "team-tourn"]
[EventRounds "9"]
[EventCountry "GER"]
[SourceTitle "EXT 2020"]
[Source "ChessBase"]
[SourceDate "2019.10.17"]
[SourceVersion "1"]
[SourceVersionDate "2019.10.17"]
[SourceQuality "1"]
[WhiteTeam "Hellern"]
[BlackTeam "Delmenhorst"]
[WhiteTeamCountry "GER"]
[BlackTeamCountry "GER"]

1. e4 c5 2. Nf3 Nc6 3. d4 cxd4 4. Nxd4 Nf6 5. Nc3 d6 6. Bg5 e6 7. Qd2 a6 8. 0-0-0 Bd7 9. f4 h6 10. Bxf6 Qxf6 11. Nf3 Qd8 12. Kb1 Qc7 13. f5 0-0-0 14. Be2 Kb8 15. fxe6 fxe6 16. h4 Be7 17. g4 Bc8 18. g5 Qa5 19. Rhg1 hxg5 20. hxg5 Rh5 21. Qe3 Rdh8 22. Nd4 Rxg5 23. Nxc6+ bxc6 24. Rxg5 Bxg5 25. Qd4 Bf4 26. Qxg7 Be5 27. Qe7 Qc7 28. Qxc7+ Kxc7 29. Na4 Rh2 30. Bd3 c5 31. b3 Bb7 32. Rf1 Kd8 33. a3 Ke7 34. Nb6 a5 35. Nc4 Bc3 36. Ne3 Rh4 37. Nd1 Be5 38. Re1 Bg3 39. Rg1 Be5 40. Re1 Bc6 41. Ka2 Kf6 42. Rf1+ Ke7 43. Re1 Rh2 44. Kb1 Bd4 45. Rf1 a4 46. Ka2 axb3+ 47. Kxb3 Rh4 48. Re1 Rh8 49. c3 Be5 50. Ne3 Rb8+ 51. Kc2 Ba4+ 52. Kd2 Rb2+ 53. Bc2 Bf4 54. Kd1 Bb5 55. a4 Bd7 56. Kc1 Rb8 57. Kd1 Ra8 58. Ke2 Bxa4 59. Bxa4 Rxa4 60. Kd3 Bxe3 61. Kxe3 e5 62. Rh1 Kd7 63. Rh2 Kc7 64. Rb2 Kc6 65. Rb1 c4 66. Rb8 Kc7 67. Rb2 Ra3 68. Kd2 Kc6 69. Rb8 Ra2+ 70. Kd1 Ra7 71. Rb4 Kc5 72. Rb8 Rc7 73. Kd2 Rc6 74. Kc2 Rc7 75. Kd2 Kc6 76. Rb4 Kd7 77. Rb1 Ke6 78. Ke3 Rc8 79. Rb2 Rh8 80. Rb4 Rh3+ 81. Kd2 Rd3+ 82. Kc2 d5 83. Rb6+ Kf7 84. exd5 Rxd5 85. Rc6 Rd8 86. Rxc4 Kf6 87. Re4 Kf5 88. Re1 e4 89. Rd1 Rh8 90. Kd2 Rh2+ 91. Ke3 Ke5 92. Rd8 1/2-1/2

[Event "Oberliga Nord W 1819"]
[Site "Germany"]
[Date "2018.11.11"]
[Round "2.4"]
[White "Stock, Joerg"]
[Black "Meessen, Max"]
[Result "0-1"]
[WhiteElo "2192"]
[BlackElo "2197"]
[PlyCount "69"]
[EventDate "2018.10.21"]
[EventType "team-tourn"]
[EventRounds "9"]
[EventCountry "GER"]
[SourceTitle "EXT 2020"]
[Source "ChessBase"]
[SourceDate "2019.10.17"]
[SourceVersion "1"]
[SourceVersionDate "2019.10.17"]
[SourceQuality "1"]
[WhiteTeam "Hellern"]
[BlackTeam "Oldenburg Union"]
[WhiteTeamCountry "GER"]
[BlackTeamCountry "GER"]

1. e4 e5 2. Nf3 Nc6 3. Bb5 a6 4. Bxc6 dxc6 5. 0-0 f6 6. d4 Bg4 7. dxe5 Qxd1 8. Rxd1 fxe5 9. Re1 Bd6 10. Nbd2 Ne7 11. h3 Be6 12. b3 c5 13. Bb2 Nc6 14. Ng5 Bg8 15. f4 Nd4 16. Rac1 exf4 17. Ndf3 Ne6 18. Nxe6 Bxe6 19. Bxg7 Rg8 20. e5 Be7 21. Bh6 Bxh3 22. Re2 0-0-0 23. Rf1 Be6 24. Bxf4 c4 25. Be3 Rg4 26. Rd2 Rf8 27. Rfd1 Bf5 28. Rf1 Be4 29. Re2 h5 30. Rff2 h4 31. Nh2 Rg6 32. Bf4 Bc5 33. Be3 Bxe3 34. Rxe3 Bxg2 35. Rxg2 0-1

[Event "Oberliga Nord W 1718"]
[Site "Germany"]
[Date "2018.02.25"]
[Round "7.2"]
[White "Epishin, Vladimir"]
[Black "Stock, Joerg"]
[Result "1-0"]
[WhiteElo "2551"]
[BlackElo "2203"]
[PlyCount "101"]
[EventDate "2017.10.08"]
[EventType "team-tourn"]
[EventRounds "9"]
[EventCountry "GER"]
[SourceTitle "EXT 2019"]
[Source "ChessBase"]
[SourceDate "2018.10.10"]
[SourceVersion "1"]
[SourceVersionDate "2018.10.10"]
[SourceQuality "1"]
[WhiteTeam "Lingen"]
[BlackTeam "Hellern"]
[WhiteTeamCountry "GER"]
[BlackTeamCountry "GER"]

1. d4 Nf6 2. g3 d5 3. Bg2 e6 4. Nf3 Be7 5. Nbd2 0-0 6. 0-0 b6 7. c4 Bb7 8. cxd5 exd5 9. Nh4 Re8 10. Nf5 Bf8 11. Nf3 Nbd7 12. Bf4 Ne4 13. Nd2 Ndf6 14. Rc1 Nd6 15. Bxd6 Bxd6 16. Nxd6 Qxd6 17. e3 c5 18. Qa4 Qe7 19. dxc5 bxc5 20. Qb5 Rab8 21. Qxc5 Ba6 22. Rfd1 Rxb2 23. Qa5 Qb7 24. Nb3 Qb6 25. Qxb6 axb6 26. Rd2 Rxd2 27. Nxd2 Rc8 28. Rb1 Rb8 29. a4 Bd3 30. Rb4 Kf8 31. Bf1 Bxf1 32. Kxf1 Nd7 33. Rd4 Ra8 34. Nb1 Ra5 35. Nc3 Nf6 36. Ke2 Ke7 37. g4 h6 38. h4 g6 39. g5 hxg5 40. hxg5 Nd7 41. Nxd5+ Ke6 42. e4 Rc5 43. Rb4 Rc6 44. Ke3 Kd6 45. f4 Ke6 46. Kd4 Kd6 47. Rb5 Rc5 48. Nxb6 Rxb5 49. Nc4+ Kc6 50. axb5+ Kxb5 51. Ne5 1-0

[Event "Oberliga Nord W 1516"]
[Site "Germany"]
[Date "2016.04.10"]
[Round "9.4"]
[White "Mueer, Sebastian"]
[Black "Stock, Joerg"]
[Result "1-0"]
[WhiteElo "2197"]
[BlackElo "2177"]
[PlyCount "55"]
[EventDate "2015.09.20"]
[EventType "team-tourn"]
[EventRounds "9"]
[EventCountry "GER"]
[SourceTitle "EXT 2017"]
[Source "ChessBase"]
[SourceDate "2016.10.25"]
[SourceVersion "1"]
[SourceVersionDate "2016.10.25"]
[SourceQuality "1"]
[WhiteTeam "Oldenburg Union"]
[BlackTeam "Hellern"]
[WhiteTeamCountry "GER"]
[BlackTeamCountry "GER"]

1. Nf3 Nf6 2. c4 c5 3. g3 d5 4. cxd5 Nxd5 5. Bg2 Nc6 6. Nc3 Nc7 7. 0-0 e5 8. a3 f6 9. e3 Be6 10. d4 cxd4 11. exd4 exd4 12. Ne2 d3 13. Nf4 Bf7 14. Qa4 Bc5 15. Re1+ Kf8 16. Be3 Be7 17. Rad1 g5 18. Nxd3 Qc8 19. Bc5 Nd5 20. Nd4 Qd7 21. Bxe7+ Ndxe7 22. Nc5 Qc8 23. Nxc6 Nxc6 24. Nxb7 Ne5 25. Nd6 Qb8 26. Nxf7 Kxf7 27. Bxa8 Qxa8 28. Rxe5 1-0

[Event "Oberliga Nord W 1516"]
[Site "Germany"]
[Date "2016.03.13"]
[Round "8.4"]
[White "Stock, Joerg"]
[Black "Nodorp, Dieter"]
[Result "1-0"]
[WhiteElo "2191"]
[BlackElo "2070"]
[PlyCount "49"]
[EventDate "2015.09.20"]
[EventType "team-tourn"]
[EventRounds "9"]
[EventCountry "GER"]
[SourceTitle "EXT 2017"]
[Source "ChessBase"]
[SourceDate "2016.10.25"]
[SourceVersion "1"]
[SourceVersionDate "2016.10.25"]
[SourceQuality "1"]
[WhiteTeam "Hellern"]
[BlackTeam "Stade"]
[WhiteTeamCountry "GER"]
[BlackTeamCountry "GER"]

1. e4 c5 2. Nf3 e6 3. d4 cxd4 4. Nxd4 Nf6 5. Nc3 Bb4 6. Ndb5 Nxe4 7. Qg4 Nxc3 8. bxc3 Bf8 9. Bf4 Na6 10. Nd6+ Bxd6 11. Bxd6 Qf6 12. Qg3 Qg6 13. Qe3 Nb8 14. Bd3 Qxg2 15. 0-0-0 Nc6 16. Be4 Qg4 17. Rhg1 Qh4 18. Rxg7 Ne7 19. Rdg1 Ng6 20. Qd4 f5 21. Bxf5 exf5 22. Re1+ Kd8 23. Be7+ Qxe7 24. Rgxe7 a5 25. Qb6# 1-0

[Event "Oberliga Nord W 1516"]
[Site "Germany"]
[Date "2016.02.21"]
[Round "7.4"]
[White "Schulze, Torben"]
[Black "Stock, Joerg"]
[Result "0-1"]
[WhiteElo "2294"]
[BlackElo "2161"]
[PlyCount "120"]
[EventDate "2015.09.20"]
[EventType "team-tourn"]
[EventRounds "9"]
[EventCountry "GER"]
[SourceTitle "EXT 2017"]
[Source "ChessBase"]
[SourceDate "2016.10.25"]
[SourceVersion "1"]
[SourceVersionDate "2016.10.25"]
[SourceQuality "1"]
[WhiteTeam "Hannover"]
[BlackTeam "Hellern"]
[WhiteTeamCountry "GER"]
[BlackTeamCountry "GER"]

1. e4 c5 2. g3 d5 3. exd5 Qxd5 4. Nf3 Bg4 5. Bg2 Qe6+ 6. Kf1 Nc6 7. h3 Bh5 8. d3 Qd7 9. Be3 e6 10. Nbd2 Rc8 11. Qe2 Nf6 12. Nb3 b6 13. Rd1 Nd5 14. Bc1 Be7 15. Kg1 0-0 16. c3 Bf6 17. Kh2 a5 18. a3 Rfd8 19. Rhe1 a4 20. Nbd2 Bxc3 21. bxc3 Nxc3 22. Qe3 Nxd1 23. Rxd1 Qxd3 24. Qxd3 Rxd3 25. g4 Bg6 26. Re1 Rcd8 27. Bf1 R3d6 28. Bb5 Nd4 29. Bxa4 b5 30. Nxd4 Rxd4 31. Bxb5 Rxd2 32. Bxd2 Rxd2 33. Kg2 Ra2 34. Re3 Kf8 35. a4 Ke7 36. h4 Bc2 37. Re2 Bb3 38. Rxa2 Bxa2 39. Kf3 Kd6 40. Ke3 e5 41. Kd3 Bd5 42. Bc4 Bc6 43. a5 f6 44. Ke3 Ba4 45. f4 exf4+ 46. Kxf4 Kc6 47. g5 fxg5+ 48. hxg5 Bb5 49. Bg8 h6 50. gxh6 gxh6 51. Bf7 c4 52. Bg6 Kc5 53. a6 Bxa6 54. Kg4 c3 55. Kh5 Kd4 56. Bc2 Be2+ 57. Kxh6 Ke3 58. Kg5 Kd2 59. Ba4 Bd1 60. Bc6 c2 0-1

[Event "Oberliga Nord W 1415"]
[Site "Germany"]
[Date "2015.04.12"]
[Round "9.3"]
[White "Markgraf, Stefan"]
[Black "Stock, Joerg"]
[Result "1/2-1/2"]
[WhiteElo "2110"]
[BlackElo "2179"]
[PlyCount "84"]
[EventDate "2014.09.22"]
[EventType "team-tourn"]
[EventRounds "9"]
[EventCountry "GER"]
[SourceTitle "EXT 2016"]
[Source "ChessBase"]
[SourceDate "2015.10.08"]
[SourceVersion "1"]
[SourceVersionDate "2015.10.08"]
[SourceQuality "1"]
[WhiteTeam "Goettingen Tempo"]
[BlackTeam "Hellern"]
[WhiteTeamCountry "GER"]
[BlackTeamCountry "GER"]

1. e4 c5 2. c3 Nf6 3. e5 Nd5 4. Bc4 e6 5. d4 Qc7 6. Bxd5 exd5 7. Ne2 d6 8. exd6 Bxd6 9. dxc5 Bxc5 10. 0-0 Be6 11. Bf4 Qd7 12. Nd2 0-0 13. Nb3 Bb6 14. Nbd4 Nc6 15. Be3 Bg4 16. f3 Qe7 17. Bf2 Bd7 18. Qb3 Nxd4 19. Nxd4 Qg5 20. Rad1 Rad8 21. Rfe1 h5 22. Qc2 h4 23. Qd2 Qf6 24. Ne2 h3 25. Bxb6 Qxb6+ 26. Nd4 hxg2 27. Qxg2 Rfe8 28. Qf2 Qf6 29. Qg3 g6 30. Rxe8+ Rxe8 31. Kf2 Qe7 32. Qf4 a5 33. h4 Qe5 34. Qxe5 Rxe5 35. Nc2 Rh5 36. Rd4 Bc6 37. Ne3 Kg7 38. Nf1 Re5 39. Ne3 Rh5 40. Ng2 Rf5 41. Kg3 Re5 42. Kf2 Kh6 1/2-1/2

[Event "GER-chT LF-1 B2 email"]
[Site "GER email"]
[Date "2007.??.??"]
[Round "?"]
[White "Broeker, Clemens"]
[Black "Stock, Joerg"]
[Result "1/2-1/2"]
[WhiteElo "2208"]
[BlackElo "2301"]
[PlyCount "120"]
[EventDate "2007.??.??"]
[EventType "team (corr)"]
[EventRounds "9"]
[EventCountry "GER"]
[SourceTitle "Corr 2008"]
[Source "ChessBase"]
[SourceDate "2008.06.24"]
[SourceVersion "1"]
[SourceVersionDate "2008.06.24"]
[SourceQuality "1"]

1. d4 Nf6 2. Nf3 e6 3. e3 c5 4. Bd3 b6 5. 0-0 Bb7 6. c4 Be7 7. b3 0-0 8. Bb2 cxd4 9. Nxd4 d5 10. Qe2 a6 11. Nd2 dxc4 12. Nxc4 Nbd7 13. Rac1 b5 14. Nd2 Nc5 15. Bb1 Qd5 16. f3 Rfd8 17. Rfd1 Rac8 18. Nf1 Qg5 19. Ng3 g6 20. f4 Qh6 21. Nf3 Rxd1+ 22. Qxd1 Qf8 23. Ne5 Qe8 24. Qd2 Ncd7 25. Rd1 Nxe5 26. fxe5 Rd8 27. Bd4 Ng4 28. Qe2 Nh6 29. Be4 Bxe4 30. Nxe4 Qc6 31. Qf3 Qc2 32. Rf1 Nf5 33. Nd6 Rf8 34. Nxf5 gxf5 35. Qf2 Qe4 36. Rc1 Kh8 37. Qc2 Qg4 38. Qf2 Rg8 39. Rc7 Bg5 40. h3 Qe4 41. Rxf7 Bh4 42. Qf1 Rc8 43. Ra7 Rc2 44. Rxa6 Rf2 45. Qxf2 Bxf2+ 46. Kxf2 f4 47. a4 Qc2+ 48. Kf3 fxe3 49. Bxe3 Qf5+ 50. Bf4 Qd3+ 51. Kg4 b4 52. Rb6 Qd1+ 53. Kg3 Qxb3+ 54. Kh2 Qc4 55. Bh6 Kg8 56. a5 Qc5 57. Rb7 Qxe5+ 58. Kh1 b3 59. Rxb3 Kf7 60. Bd2 Qa1+ 1/2-1/2

[Event "GER-chT LF-1 B2 email"]
[Site "GER email"]
[Date "2007.??.??"]
[Round "?"]
[White "Herbrechtsmeier, Christof"]
[Black "Stock, Joerg"]
[Result "1/2-1/2"]
[WhiteElo "2358"]
[BlackElo "2301"]
[PlyCount "39"]
[EventDate "2007.??.??"]
[EventType "team (corr)"]
[EventRounds "9"]
[EventCountry "GER"]
[SourceTitle "Corr 2008"]
[Source "ChessBase"]
[SourceDate "2008.06.24"]
[SourceVersion "1"]
[SourceVersionDate "2008.06.24"]
[SourceQuality "1"]

1. e4 c5 2. Nf3 d6 3. d4 cxd4 4. Nxd4 Nf6 5. Nc3 a6 6. Bg5 e6 7. f4 Qb6 8. Qd2 Qxb2 9. Rb1 Qa3 10. f5 Nc6 11. fxe6 fxe6 12. Nxc6 bxc6 13. e5 dxe5 14. Bxf6 gxf6 15. Ne4 Qxa2 16. Rd1 Be7 17. Be2 0-0 18. 0-0 Ra7 19. Rf3 Kh8 20. Rg3 1/2-1/2

[Event "GER-chT LF-1 B2 email"]
[Site "GER email"]
[Date "2007.??.??"]
[Round "?"]
[White "Stock, Joerg"]
[Black "Handel, Horst"]
[Result "1-0"]
[WhiteElo "2301"]
[BlackElo "2387"]
[PlyCount "87"]
[EventDate "2007.??.??"]
[EventType "team (corr)"]
[EventRounds "9"]
[EventCountry "GER"]
[SourceTitle "Corr 2008"]
[Source "ChessBase"]
[SourceDate "2008.06.24"]
[SourceVersion "1"]
[SourceVersionDate "2008.06.24"]
[SourceQuality "1"]

1. e4 e6 2. d4 d5 3. Nc3 Bb4 4. e5 Ne7 5. a3 Bxc3+ 6. bxc3 c5 7. Nf3 Qc7 8. a4 h6 9. Bd3 b6 10. 0-0 Ba6 11. Bb5+ Bxb5 12. axb5 a5 13. c4 dxc4 14. dxc5 bxc5 15. Nd2 c3 16. Nc4 0-0 17. Qf3 Nd5 18. Qg3 Kh7 19. f4 Nd7 20. f5 exf5 21. Rxf5 N7b6 22. Nd6 f6 23. e6 Rad8 24. Qd3 Kg8 25. Nf7 Ne7 26. Nxd8 Rxd8 27. Bf4 Qc8 28. Qh3 Nbd5 29. Rxd5 Nxd5 30. e7 Nxe7 31. Qxc8 Nxc8 32. b6 Nxb6 33. Bc7 Rd2 34. Bxb6 Rxc2 35. Bxa5 Kf7 36. Re1 Kg6 37. Rf1 Ra2 38. Bxc3 Rc2 39. Rf3 Kf7 40. Be1 Ke6 41. Rc3 Rxc3 42. Bxc3 Kd5 43. Bb2 Ke4 44. Ba3 1-0